Southville International School and Colleges
Your cart is empty.
  • Cart
  • Lists
    Public lists list_1 View all
    Your lists Log in to create your own lists
  • Log in to your account
  • Your cookies
  • Search history
Southville International School and Colleges
  • Advanced search
  • Recent comments
  • Most popular
  • Libraries

Log in to your account

Log in with GOOGLE


If you do not have an external account, but do have a local account, you can still log in:

  1. Home
  2. MARC view: Visit to the dentist /
Normal view MARC view ISBD view

Visit to the dentist / (Record no. 111814)

[ view plain ]
MARC details
000 -LEADER
fixed length control field 00726nam a2200193 a 4500
005 - DATE AND TIME OF LATEST TRANSACTION
control field 20140414131922.0
008 - FIXED-LENGTH DATA ELEMENTS--GENERAL INFORMATION
fixed length control field 040601s19uu xx 00 eng d
020 ## - INTERNATIONAL STANDARD BOOK NUMBER
International Standard Book Number 0-7498-0115-8
050 ## - LIBRARY OF CONGRESS CALL NUMBER
Classification number ER
Item number V65 1991
100 ## - MAIN ENTRY--PERSONAL NAME
Personal name Coates, Pamela J.
245 ## - TITLE STATEMENT
Title Visit to the dentist /
Statement of responsibility, etc written by Pamela J. Coates; illustrated by Lynne Byrnes.
260 ## - PUBLICATION, DISTRIBUTION, ETC. (IMPRINT)
Place of publication, distribution, etc Great Britain :
Name of publisher, distributor, etc World,
Date of publication, distribution, etc 1991.
300 ## - PHYSICAL DESCRIPTION
Extent 1 v. (unp.) : ill. ; cm.
440 ## - SERIES STATEMENT/ADDED ENTRY--TITLE
Title Little Owl
520 ## - SUMMARY, ETC.
Summary, etc What happens inside a hospital? what does a dentist do? For many children, hospitals and dentists surgeries are frigthening places often associated with personal discomfort.
650 ## - SUBJECT ADDED ENTRY--TOPICAL TERM
Topical term or geographic name as entry element Dentist--Fiction.
650 ## - SUBJECT ADDED ENTRY--TOPICAL TERM
Topical term or geographic name as entry element Children stories.
Holdings
Withdrawn status Lost status Damaged status Use restrictions Home library Current library Shelving location Date acquired Source of acquisition Total Checkouts Full call number Barcode Date last seen Price effective from Koha item type
        Munich Library Munich Library Easy Reading Section 06/01/2004     ER V65 1991 M2716 04/14/2014 04/14/2014 Books

Visit to the dentist /

APA

Coates P. J., . (1991). Visit to the dentist. Great Britain: World.

Chicago

Coates Pamela J, . 1991. Visit to the dentist. Great Britain: World.

Harvard

Coates P. J., . (1991). Visit to the dentist. Great Britain: World.

MLA

Coates Pamela J, . Visit to the dentist. Great Britain: World. 1991.

  • Place hold
  • Print
  • Cite
  • Add to your cart (remove)
  • Save record
    BIBTEX Dublin Core MARCXML MARC (non-Unicode/MARC-8) MARC (Unicode/UTF-8) MARC (Unicode/UTF-8, Standard) MODS (XML) RIS
  • More searches
    Search for this title in:
    Other Libraries (WorldCat) Other Databases (Google Scholar) Online Stores (Bookfinder.com) Open Library (openlibrary.org)

Exporting to Dublin Core...

SOUTHVILLE LIBRARY

Southville International School and Colleges Library

1281 Tropical Ave. Cor. Luxembourg St., BF Homes International, Las Pinas City

Tel. No. 8256374 / 252358 Loc. 117/146

Powered by Koha